| 000 | 01233nam a2200229Ia 4500 | ||
|---|---|---|---|
| 003 | Ost | ||
| 005 | 20260507075136.0 | ||
| 008 | 260507s9999||||xx |||||||||||||| ||und|| | ||
| 020 | _a1325673977 | ||
| 040 | _cfsecg | ||
| 041 | _aara | ||
| 082 | _a330 | ||
| 100 |
_aعلي، هبة فؤاد _eمؤلف |
||
| 245 | 0 |
_aاتجاهات المستهلكين نحو دولة المنشأ وأثرها على تصميم المزيج التسويقي / _c هبة فؤاد علي |
|
| 260 |
_aالقاهرة: _bالمنظمة العربية للتنمية الإدارية, _c2004 |
||
| 300 |
_a211 صفحة؛ _bإيضاحات ؛ _c24 سم |
||
| 490 | _aالمنظمة العربية للتنمية الإدارية | ||
| 520 | _aاتجاهات المستهلكين نحو دولة المنشأ وأثرها على السلوك الشرائي- العوامل المحددة للإتجاه نحو دولة المنشأ- تصميم استراتيجيات المزيج التسويقي في ظل اتجاهات المستهلكين نحو دولة المنشأ- مقترحات تصميم المزيج التسويقي للسلع المصرية. | ||
| 653 | _aأدارة المبيعات | ||
| 653 | _aالتسويق | ||
| 942 | _cكتاب | ||
| 999 |
_c43266 _d43266 |
||